[Event "DSJ Weihnachtsturnier U20 2020"]
[Site "https://play.chessbase.com/en/play?room=DSJWeihnachtU20"]
[Date "2020.12.29"]
[Round "5"]
[White "Gallasch, Robin"]
[Black "Doll, Alexander"]
[Result "0-1"]
[Termination "normal"]
[Board "4.3"]
[WhiteElo "2067"]
[BlackElo "2136"]
[WhiteTeam "Schachgemeinschaft Porz 2"]
[BlackTeam "OSG Baden-Baden"]
[PlyCount "80"]
[WhiteFideId "16222423"]
[BlackFideId "16228294"]
[EventRounds "7"]
[EventType "team-swiss"]
[EventDate "2020.12.29"]

1. d4 {[%emt 0:01:27]} Nf6 {[%emt 0:00:04]} 2. c4 { [%emt 0:00:01]} e6 {[%emt
0:00:01] Porz2-003 received Ill MvData=1. g8-f6 (363cs)} 3. Nf3 {[%emt 0:00:03]
Porz2-003 kibitzing!?} d5 {[%emt 0:00:04]} 4. g3 {[%emt 0:00:02] Porz2-003
received Ill MvData=5. d7-d5 (430cs)} c6 {[%emt 0:00:04]} 5. Bg2 {[%emt
0:00:02] Porz2-003 received Ill MvData=7. c7-c6 (375cs)} Bb4+ {[%emt 0:00:07]
Porz2-003 kibitzing!?} 6. Nbd2 {[%emt 0:00:07]} Ne4 { [%emt 0:00:03]} 7. O-O
{[%emt 0:00:02] Porz2-003 received Ill MvData=11. f6-e4 (274cs)} f5 {[%emt
0:00:01] Porz2-003 kibitzing!?} 8. a3 {[%emt 0:01:02]} Bd6 { [%emt 0:00:09]
Porz2-003 kibitzing!?} 9. Qc2 {[%emt 0:00:27]} O-O {[%emt 0:00:04] Porz2-003
kibitzing!?} 10. b4 {[%emt 0:00:36]} Nd7 {[%emt 0:00:38]} 11. Bb2 {[%emt
0:00:02] Porz2-003 received Ill MvData=19. b8-d7 (3828cs)} Ndf6 { [%emt
0:00:05] Porz2-003 kibitzing!?} 12. Ne5 {[%emt 0:00:23]} Nxd2 {[%emt 0:00:27]
Porz2-003 kibitzing!?} 13. Qxd2 {[%emt 0:00:04]} Ne4 {[%emt 0:00:14]} 14. Qc2
{[%emt 0:00:01] Porz2-003 received Ill MvData=25. f6-e4 (1361cs)} Bd7 { [%emt
0:00:38] Porz2-003 kibitzing!?} 15. f3 {[%emt 0:00:39]} Ng5 {[%emt 0:00:05]
Porz2-003 kibitzing!?} 16. h4 {[%emt 0:00:26]} Nf7 {[%emt 0:00:13] Porz2-003
kibitzing!?} 17. e4 {[%emt 0:01:00]} Qc7 {[%emt 0:01:09] Porz2-003 kibitzing!?}
18. Nxf7 {[%emt 0:00:28]} Rxf7 {[%emt 0:00:03]} 19. e5 {[%emt 0:00:00]
Porz2-003 received Ill MvData=35. f8-f7 (294cs)} Be7 {[%emt 0:00:09] Porz2-003
reconnected. Porz2-003 kibitzing!?} 20. cxd5 {[%emt 0:00:28]} exd5 { [%emt
0:00:00] Porz2-003 kibitzing!?} 21. f4 {[%emt 0:00:18]} Be6 {[%emt 0:00:16]
Porz2-003 kibitzing!?} 22. Rac1 {[%emt 0:00:04]} Qb6 {[%emt 0:00:10] Porz2-003
kibitzing!?} 23. Kh2 {[%emt 0:00:25]} a5 {[%emt 0:00:11] Porz2-003 kibitzing!?}
24. Qa4 {[%emt 0:00:19]} Rff8 {[%emt 0:00:15] Porz2-003 kibitzing!?} 25. b5
{[%emt 0:00:34]} cxb5 {[%emt 0:00:07]} 26. Qb3 {[%emt 0:00:01] Porz2-003
received Ill MvData=49. c6-b5 (681cs)} Rfd8 {[%emt 0:00:15] Porz2-003
kibitzing!?} 27. g4 {[%emt 0:00:13]} Kh8 {[%emt 0:00:36] Porz2-003 kibitzing!?}
28. gxf5 {[%emt 0:00:08]} Bxf5 {[%emt 0:00:03]} 29. Bxd5 {[%emt 0:00:02]
Porz2-003 received Ill MvData=55. e6-f5 (253cs)} Qh6 {[%emt 0:00:13] Porz2-003
kibitzing!?} 30. Rc7 {[%emt 0:00:26]} a4 {[%emt 0:00:11] Porz2-003 kibitzing!?}
31. Qf3 {[%emt 0:00:10]} Qxh4+ {[%emt 0:00:12] Porz2-003 kibitzing!?} 32. Kg2
{[%emt 0:00:05]} Bg4 {[%emt 0:00:23] Porz2-003 kibitzing!? } 33. Qg3 {[%emt
0:00:10]} Rxd5 {[%emt 0:00:08] Porz2-003 kibitzing!?} 34. Rh1 {[%emt 0:00:11]}
Qxg3+ {[%emt 0:00:09]} 35. Kxg3 {[%emt 0:00:00] Porz2-003 received Ill
MvData=67. h4-g3 (919cs)} Bd8 {[%emt 0:00:06] Porz2-003 kibitzing!?} 36. Rxb7
{[%emt 0:00:04]} Be6 {[%emt 0:00:14]} 37. f5 {[%emt 0:00:02] Porz2-003 received
Ill MvData=71. g4-e6 (1441cs)} Bxf5 {[%emt 0:00:09]} 38. Rf7 {[%emt 0:00:00]
Porz2-003 received Ill MvData=73. e6-f5 (855cs)} Be6 { [%emt 0:00:31] Porz2-003
kibitzing!?} 39. Rf8+ {[%emt 0:00:05]} Bg8 {[%emt 0:00:01]} 40. e6 {[%emt
0:00:02] Porz2-003 received Ill MvData=77. e6-g8 (117cs)} Bc7+ {[%emt 0:00:09]
Porz2-003 kibitzing!?} 0-1

[Event "DSJ Weihnachtsturnier U20 2020"]
[Site "https://play.chessbase.com/en/play?room=DSJWeihnachtU20"]
[Date "2020.12.29"]
[Round "5"]
[White "Knüdel, Torben"]
[Black "Runte, Moritz"]
[Result "1/2-1/2"]
[Termination "normal"]
[Board "5.1"]
[WhiteElo "2204"]
[BlackElo "2133"]
[WhiteTeam "Post SV Uelzen"]
[BlackTeam "Schachverein Hemer 1932"]
[PlyCount "95"]
[WhiteFideId "16208820"]
[BlackFideId "12991449"]
[EventRounds "7"]
[EventType "team-swiss"]
[EventDate "2020.12.29"]

1. e4 {[%emt 0:00:08]} e5 {[%emt 0:00:15]} 2. Nf3 {[%emt 0:00:06]} Nc6 { [%emt
0:00:02]} 3. Bb5 {[%emt 0:00:01]} a6 {[%emt 0:00:35]} 4. Ba4 {[%emt 0:00:02]}
Nf6 {[%emt 0:00:02]} 5. O-O {[%emt 0:00:03]} Be7 {[%emt 0:00:03]} 6. Re1 {
[%emt 0:00:01]} b5 {[%emt 0:00:01]} 7. Bb3 {[%emt 0:00:02]} O-O {[%emt 0:00:01]
} 8. c3 {[%emt 0:00:06]} d5 {[%emt 0:00:02]} 9. exd5 {[%emt 0:00:01]} Nxd5 {
[%emt 0:00:00]} 10. Nxe5 {[%emt 0:00:01]} Nxe5 {[%emt 0:00:01]} 11. Rxe5 {
[%emt 0:00:00]} c6 {[%emt 0:00:01]} 12. d4 {[%emt 0:00:04]} Bd6 {[%emt 0:00:01]
} 13. Re1 {[%emt 0:00:01]} Qh4 {[%emt 0:00:02]} 14. g3 {[%emt 0:00:01]} Qh3 {
[%emt 0:00:01]} 15. Be3 {[%emt 0:00:02]} Ra7 {[%emt 0:00:27]} 16. a4 {[%emt
0:00:08]} Re7 {[%emt 0:00:19]} 17. Qf3 {[%emt 0:00:52]} Rfe8 {[%emt 0:00:24]}
18. axb5 {[%emt 0:00:33]} axb5 {[%emt 0:00:24]} 19. Nd2 {[%emt 0:00:38]} Bg4 {
[%emt 0:00:31]} 20. Qg2 {[%emt 0:00:32]} Qh5 {[%emt 0:00:12]} 21. Ra6 {[%emt
0:01:10]} Bh3 {[%emt 0:02:34]} 22. Qf3 {[%emt 0:00:13]} Bg4 {[%emt 0:00:02]}
23. Qg2 {[%emt 0:00:57]} Bh3 {[%emt 0:00:02]} 24. Qf3 {[%emt 0:02:08]} Bg4 {
[%emt 0:00:11]} 25. Qh1 {[%emt 0:00:27]} Nxe3 {[%emt 0:00:48]} 26. Rxe3 { [%emt
0:00:03]} Rxe3 {[%emt 0:00:12]} 27. fxe3 {[%emt 0:00:00]} Rxe3 {[%emt 0:00:20]}
28. Qxc6 {[%emt 0:01:25]} Re1+ {[%emt 0:00:27]} 29. Nf1 {[%emt 0:00:05] } Qf5
{[%emt 0:01:03]} 30. Ra8+ {[%emt 0:00:31]} Bf8 {[%emt 0:00:02]} 31. Rxf8+
{[%emt 0:00:06]} Kxf8 {[%emt 0:00:00]} 32. Qd6+ {[%emt 0:00:11]} Re7 {[%emt
0:00:22]} 33. Qb8+ {[%emt 0:00:21]} Re8 {[%emt 0:00:05]} 34. Qd6+ {[%emt
0:00:01] } Kg8 {[%emt 0:00:01]} 35. Bd5 {[%emt 0:00:05]} h6 {[%emt 0:00:20]}
36. Qc6 { [%emt 0:00:01]} Re1 {[%emt 0:00:07]} 37. Bg2 {[%emt 0:00:03]} Be2
{[%emt 0:00:38]} 38. Qa8+ {[%emt 0:00:03]} Kh7 {[%emt 0:00:01]} 39. Be4 {[%emt
0:00:02]} Rxf1+ {[%emt 0:00:01]} 40. Kg2 {[%emt 0:00:01]} Bf3+ {[%emt 0:00:01]}
41. Bxf3 {[%emt 0:00:02]} Re1 {[%emt 0:00:07]} 42. Qd5 {[%emt 0:00:03]} Qxd5
{[%emt 0:00:01]} 43. Bxd5 {[%emt 0:00:00]} Re2+ {[%emt 0:00:01]} 44. Kh3 {[%emt
0:00:01] } Rxb2 {[%emt 0:00:01]} 45. Bxf7 {[%emt 0:00:01]} Rc2 {[%emt 0:00:09]}
46. Be8 {[%emt 0:00:01]} Rxc3 {[%emt 0:00:05]} 47. Bxb5 {[%emt 0:00:01]} Rb3
{[%emt 0:00:03]} 48. Bc6 {[%emt 0:00:02] Uelzen1-001 offers a draw} 1/2-1/2

[Event "DSJ Weihnachtsturnier U20 2020"]
[Site "https://play.chessbase.com/en/play?room=DSJWeihnachtU20"]
[Date "2020.12.29"]
[Round "5"]
[White "Ciolacu, Alessia-Mihaela"]
[Black "von Estorff, Jacob"]
[Result "0-1"]
[Termination "normal"]
[Board "5.2"]
[WhiteTitle "WFM"]
[WhiteElo "2052"]
[BlackElo "2125"]
[WhiteTeam "Schachverein Hemer 1932"]
[BlackTeam "Post SV Uelzen"]
[PlyCount "122"]
[WhiteFideId "1252640"]
[BlackFideId "12974501"]
[EventRounds "7"]
[EventType "team-swiss"]
[EventDate "2020.12.29"]

1. Nf3 {[%emt 0:00:03]} Nf6 {[%emt 0:00:04]} 2. c4 {[%emt 0:00:02]} c6 { [%emt
0:00:03]} 3. g3 {[%emt 0:00:11]} d5 {[%emt 0:00:01]} 4. b3 {[%emt 0:00:01]} g6
{[%emt 0:00:01]} 5. Bg2 {[%emt 0:00:06]} Bg7 {[%emt 0:00:01]} 6. Bb2 { [%emt
0:00:02]} O-O {[%emt 0:00:01]} 7. O-O {[%emt 0:00:05]} Nbd7 {[%emt 0:00:03]} 8.
d4 {[%emt 0:00:10]} e6 {[%emt 0:00:07]} 9. Nc3 {[%emt 0:00:07]} Re8 { [%emt
0:00:09]} 10. Qc2 {[%emt 0:00:08]} Qe7 {[%emt 0:00:16]} 11. Rad1 { [%emt
0:00:04]} b6 {[%emt 0:00:08]} 12. e4 {[%emt 0:00:05]} dxe4 {[%emt 0:00:03]} 13.
Nxe4 {[%emt 0:00:01]} Bb7 {[%emt 0:00:07]} 14. Ne5 {[%emt 0:00:10]} Nxe5 {[%emt
0:00:21]} 15. dxe5 {[%emt 0:00:02]} Nxe4 {[%emt 0:00:02]} 16. Bxe4 {[%emt
0:00:48]} c5 {[%emt 0:00:10]} 17. Rd6 {[%emt 0:00:22]} Rad8 {[%emt 0:00:14]}
18. Rfd1 {[%emt 0:00:03]} Bxe4 {[%emt 0:00:01]} 19. Qxe4 {[%emt 0:00:04]} Rxd6
{[%emt 0:00:07]} 20. Rxd6 {[%emt 0:00:55]} Rd8 {[%emt 0:00:16]} 21. Qc6 { [%emt
0:00:53]} Bf8 {[%emt 0:00:33]} 22. Qf3 {[%emt 0:01:50]} Bg7 {[%emt 0:01:21]}
23. Rxd8+ {[%emt 0:01:22]} Qxd8 {[%emt 0:00:00]} 24. Bc3 {[%emt 0:00:02]} h5
{[%emt 0:00:25]} 25. h4 {[%emt 0:00:10]} Qc7 {[%emt 0:00:03]} 26. Qe4 { [%emt
0:00:09]} Qd7 {[%emt 0:00:08]} 27. Kg2 {[%emt 0:00:06]} Bf8 {[%emt 0:00:02]}
28. Qf3 {[%emt 0:00:11]} Be7 {[%emt 0:00:12]} 29. Qe2 {[%emt 0:00:09]} a6
{[%emt 0:00:04]} 30. a4 {[%emt 0:00:04]} Qc6+ {[%emt 0:00:05]} 31. f3 {[%emt
0:00:02]} Qd7 {[%emt 0:00:04]} 32. Kf2 {[%emt 0:00:08]} Bd8 {[%emt 0:00:06]}
33. Ke1 {[%emt 0:00:08]} Bc7 {[%emt 0:00:09]} 34. Qe4 {[%emt 0:00:02]} Kg7 {
[%emt 0:00:14]} 35. Bd2 {[%emt 0:00:04]} b5 {[%emt 0:00:11]} 36. axb5 {[%emt
0:00:06]} axb5 {[%emt 0:00:01]} 37. Qf4 {[%emt 0:00:05]} Bd8 {[%emt 0:00:28]}
38. Qe4 {[%emt 0:00:17]} bxc4 {[%emt 0:00:04]} 39. Qxc4 {[%emt 0:00:03]} Qd5 {
[%emt 0:00:12]} 40. Qxd5 {[%emt 0:00:21]} exd5 {[%emt 0:00:00]} 41. Ke2 { [%emt
0:00:03]} f6 {[%emt 0:00:12]} 42. Bf4 {[%emt 0:00:13]} Kf7 {[%emt 0:00:09]} 43.
exf6 {[%emt 0:00:09]} Bxf6 {[%emt 0:00:04]} 44. Bd6 {[%emt 0:00:04]} Be7 {[%emt
0:00:02]} 45. Bf4 {[%emt 0:00:16]} Ke6 {[%emt 0:00:02]} 46. Kd3 { [%emt
0:00:01]} Kf5 {[%emt 0:00:05]} 47. Bc7 {[%emt 0:00:05]} Bf8 {[%emt 0:00:12]}
48. Bd8 {[%emt 0:00:06]} Bd6 {[%emt 0:00:03]} 49. b4 {[%emt 0:00:28]} cxb4
{[%emt 0:00:06]} 50. Kd4 {[%emt 0:00:01]} Bxg3 {[%emt 0:00:05]} 51. Bg5 { [%emt
0:00:13]} Ke6 {[%emt 0:00:18]} 52. Kd3 {[%emt 0:00:11]} Be5 {[%emt 0:00:03]}
53. Bd8 {[%emt 0:00:03]} b3 {[%emt 0:00:05]} 54. Bg5 {[%emt 0:00:02]} Kf5
{[%emt 0:00:04]} 55. Be7 {[%emt 0:00:03]} Bf6 {[%emt 0:00:03]} 56. Bc5 { [%emt
0:00:03]} Bxh4 {[%emt 0:00:02]} 57. Kc3 {[%emt 0:00:01]} Kf4 {[%emt 0:00:03]}
58. Kxb3 {[%emt 0:00:01]} Kxf3 {[%emt 0:00:01]} 59. Kc3 {[%emt 0:00:02]} Bf2
{[%emt 0:00:01]} 60. Bd6 {[%emt 0:00:02]} g5 {[%emt 0:00:02]} 61. Kd3 { [%emt
0:00:01]} g4 {[%emt 0:00:01]} 0-1

[Event "DSJ Weihnachtsturnier U20 2020"]
[Site "https://play.chessbase.com/en/play?room=DSJWeihnachtU20"]
[Date "2020.12.29"]
[Round "5"]
[White "Bargsten, Justus"]
[Black "Trinh, Fabian Dat"]
[Result "1-0"]
[Termination "normal"]
[Board "5.3"]
[WhiteElo "2052"]
[BlackElo "1818"]
[WhiteTeam "Post SV Uelzen"]
[BlackTeam "Schachverein Hemer 1932"]
[PlyCount "61"]
[WhiteFideId "12974188"]
[BlackFideId "16243641"]
[EventRounds "7"]
[EventType "team-swiss"]
[EventDate "2020.12.29"]

1. e4 {[%emt 0:00:04]} e5 {[%emt 0:00:01]} 2. Nf3 {[%emt 0:00:03]} Nc6 { [%emt
0:00:02]} 3. Bb5 {[%emt 0:00:05]} a6 {[%emt 0:00:02]} 4. Ba4 {[%emt 0:00:04]}
Nf6 {[%emt 0:00:01]} 5. O-O {[%emt 0:00:02]} Be7 {[%emt 0:00:11]} 6. Re1 {
[%emt 0:00:05]} b5 {[%emt 0:00:02]} 7. Bb3 {[%emt 0:00:02]} d6 {[%emt 0:00:01]}
8. c3 {[%emt 0:00:02]} O-O {[%emt 0:00:04]} 9. h3 {[%emt 0:00:03]} Na5 { [%emt
0:00:02]} 10. Bc2 {[%emt 0:00:01]} c5 {[%emt 0:00:02]} 11. d3 {[%emt 0:00:01]}
Qc7 {[%emt 0:00:10]} 12. Nbd2 {[%emt 0:00:04]} Bd7 {[%emt 0:00:35]} 13. Nf1
{[%emt 0:00:02]} c4 {[%emt 0:00:04]} 14. d4 {[%emt 0:00:05]} Nc6 {[%emt
0:00:28]} 15. Ne3 {[%emt 0:00:12]} Rfe8 {[%emt 0:00:18]} 16. Nh4 {[%emt
0:00:11]} a5 {[%emt 0:00:15]} 17. Nhf5 {[%emt 0:00:05]} Bf8 {[%emt 0:00:03]}
18. Qf3 { [%emt 0:00:12]} b4 {[%emt 0:00:13]} 19. d5 {[%emt 0:00:58]} Na7
{[%emt 0:00:18] } 20. Qg3 {[%emt 0:00:19]} g6 {[%emt 0:01:56]} 21. Qg5 {[%emt
0:00:17]} Qd8 { [%emt 0:00:17]} 22. Nh6+ {[%emt 0:00:05]} Bxh6 {[%emt 0:00:05]}
23. Qxh6 { [%emt 0:00:00]} bxc3 {[%emt 0:00:12]} 24. bxc3 {[%emt 0:00:02]} Nb5
{[%emt 0:00:04]} 25. Nxc4 {[%emt 0:00:07]} Qe7 {[%emt 0:00:13]} 26. Bg5 {[%emt
0:00:07]} Nxc3 {[%emt 0:00:23]} 27. Re3 {[%emt 0:00:03]} Nb5 {[%emt 0:01:52]}
28. Ba4 { [%emt 0:00:21]} Rac8 {[%emt 0:00:09]} 29. Nb6 {[%emt 0:00:07]} Rc3
{[%emt 0:01:11]} 30. Nxd7 {[%emt 0:00:06]} Qxd7 {[%emt 0:00:12]} 31. Bxf6
{[%emt 0:00:02]} 1-0

[Event "DSJ Weihnachtsturnier U20 2020"]
[Site "https://play.chessbase.com/en/play?room=DSJWeihnachtU20"]
[Date "2020.12.29"]
[Round "5"]
[White "Leonard, Timo"]
[Black "Askerov, Imamali"]
[Result "1/2-1/2"]
[Termination "normal"]
[Board "5.4"]
[WhiteElo "1953"]
[BlackElo "1937"]
[WhiteTeam "Schachverein Hemer 1932"]
[BlackTeam "Post SV Uelzen"]
[PlyCount "152"]
[WhiteFideId "16208757"]
[BlackFideId "12974498"]
[EventRounds "7"]
[EventType "team-swiss"]
[EventDate "2020.12.29"]

1. d4 {[%emt 0:00:05]} Nf6 {[%emt 0:00:03]} 2. Nf3 {[%emt 0:00:02]} d5 { [%emt
0:00:01]} 3. e3 {[%emt 0:00:05]} e6 {[%emt 0:00:04]} 4. Bd3 {[%emt 0:00:04]} c5
{[%emt 0:00:02]} 5. b3 {[%emt 0:00:01]} Nc6 {[%emt 0:00:06]} 6. Bb2 { [%emt
0:00:02]} Ne4 {[%emt 0:00:19]} 7. O-O {[%emt 0:00:10]} cxd4 {[%emt 0:00:14]} 8.
exd4 {[%emt 0:00:04]} Bd6 {[%emt 0:00:17]} 9. Qe2 {[%emt 0:00:08]} f5 { [%emt
0:00:44]} 10. a3 {[%emt 0:00:05]} O-O {[%emt 0:00:02]} 11. Ne5 {[%emt 0:00:10]}
Qc7 {[%emt 0:00:08]} 12. f4 {[%emt 0:00:37]} Qb6 {[%emt 0:00:32]} 13. Nf3
{[%emt 0:00:51]} Bxf4 {[%emt 0:00:26]} 14. Nbd2 {[%emt 0:00:39]} Bxd2 { [%emt
0:00:29]} 15. Nxd2 {[%emt 0:00:15]} Nxd4 {[%emt 0:00:13]} 16. Qe3 { [%emt
0:00:32]} Nc6 {[%emt 0:00:41]} 17. Qxb6 {[%emt 0:00:11]} axb6 {[%emt 0:00:00]}
18. Bxe4 {[%emt 0:00:04]} fxe4 {[%emt 0:00:13]} 19. Rxf8+ {[%emt 0:00:02]} Kxf8
{[%emt 0:00:00]} 20. Rf1+ {[%emt 0:00:01]} Kg8 {[%emt 0:00:05]} 21. a4 {[%emt
0:00:31]} Nb4 {[%emt 0:00:37]} 22. Ba3 {[%emt 0:00:05]} Bd7 {[%emt 0:00:27]}
23. Bxb4 {[%emt 0:00:02]} Rc8 {[%emt 0:00:19]} 24. c3 {[%emt 0:00:07]} h6
{[%emt 0:00:18]} 25. Nb1 {[%emt 0:01:19]} b5 {[%emt 0:00:46]} 26. a5 { [%emt
0:00:03]} Ra8 {[%emt 0:00:12]} 27. Kf2 {[%emt 0:00:58]} e5 {[%emt 0:00:47]} 28.
Ke3 {[%emt 0:00:04]} Be6 {[%emt 0:00:01]} 29. Na3 {[%emt 0:00:26]} Bd7 {[%emt
0:00:16]} 30. Rd1 {[%emt 0:00:24]} Bc6 {[%emt 0:00:03]} 31. Rf1 { [%emt
0:00:05]} Re8 {[%emt 0:00:02]} 32. Bc5 {[%emt 0:00:21]} Rd8 {[%emt 0:00:07]}
33. Nc2 {[%emt 0:00:09]} Ra8 {[%emt 0:00:21]} 34. b4 {[%emt 0:00:34]} Re8
{[%emt 0:00:13]} 35. Rf5 {[%emt 0:00:11]} Re6 {[%emt 0:00:10]} 36. Na1 { [%emt
0:00:34]} g6 {[%emt 0:00:03]} 37. Rf1 {[%emt 0:00:04]} Kg7 {[%emt 0:00:01]} 38.
Bf8+ {[%emt 0:00:09]} Kh7 {[%emt 0:00:10]} 39. Nb3 {[%emt 0:00:03]} Re8 {[%emt
0:00:06]} 40. Nc5 {[%emt 0:00:17]} h5 {[%emt 0:00:10]} 41. Bd6 { [%emt
0:00:04]} Kg7 {[%emt 0:00:23]} 42. h3 {[%emt 0:00:01]} Kg8 {[%emt 0:00:38]} 43.
g4 {[%emt 0:00:02]} hxg4 {[%emt 0:00:02]} 44. hxg4 {[%emt 0:00:01]} Kg7 {[%emt
0:00:00]} 45. g5 {[%emt 0:00:08]} d4+ {[%emt 0:00:10]} 46. cxd4 { [%emt
0:00:04]} exd4+ {[%emt 0:00:00]} 47. Kxd4 {[%emt 0:00:01]} e3 {[%emt 0:00:01]}
48. Be5+ {[%emt 0:00:04]} Kg8 {[%emt 0:00:03]} 49. Re1 {[%emt 0:00:12]} Rd8+
{[%emt 0:00:01]} 50. Kxe3 {[%emt 0:00:01]} Rf8 {[%emt 0:00:03]} 51. Ne4 { [%emt
0:00:05]} Re8 {[%emt 0:00:18]} 52. Kd4 {[%emt 0:00:06]} Rd8+ {[%emt 0:00:05]}
53. Ke3 {[%emt 0:00:05]} Bd5 {[%emt 0:00:09]} 54. Nf6+ {[%emt 0:00:01]} Kf7
{[%emt 0:00:01]} 55. Nxd5 {[%emt 0:00:01]} Rxd5 {[%emt 0:00:00]} 56. Bd4 {
[%emt 0:00:01]} Rxg5 {[%emt 0:00:02]} 57. Rf1+ {[%emt 0:00:01]} Ke8 {[%emt
0:00:03]} 58. Rf6 {[%emt 0:00:05]} Rg3+ {[%emt 0:00:02]} 59. Kf4 {[%emt
0:00:02]} Rg2 {[%emt 0:00:02]} 60. Bc5 {[%emt 0:00:03]} g5+ {[%emt 0:00:01]}
61. Kf3 { [%emt 0:00:02]} Rb2 {[%emt 0:00:03]} 62. Rg6 {[%emt 0:00:02]} Kd7
{[%emt 0:00:02]} 63. Rxg5 {[%emt 0:00:01]} Kc6 {[%emt 0:00:01]} 64. Rg6+ {[%emt
0:00:02]} Kd5 {[%emt 0:00:01]} 65. Rb6 {[%emt 0:00:01]} Kc4 {[%emt 0:00:03]}
66. Rxb7 { [%emt 0:00:01]} Ra2 {[%emt 0:00:02]} 67. Ra7 {[%emt 0:00:04]} Kd5
{[%emt 0:00:02]} 68. a6 {[%emt 0:00:01]} Kc6 {[%emt 0:00:01]} 69. Ra8 {[%emt
0:00:02]} Ra3+ {[%emt 0:00:01]} 70. Ke4 {[%emt 0:00:02]} Rc3 {[%emt 0:00:07]}
71. Rb8 { [%emt 0:00:04]} Kc7 {[%emt 0:00:02]} 72. a7 {[%emt 0:00:01]} Ra3
{[%emt 0:00:01] Hemer1-004 reconnected.} 73. Kd5 {[%emt 0:00:08]} Rd3+ {[%emt
0:00:02]} 74. Ke4 {[%emt 0:00:01]} Ra3 {[%emt 0:00:01]} 75. Bb6+ {[%emt
0:00:05]} Kc6 { [%emt 0:00:02]} 76. Bc5 {[%emt 0:00:02]} Kc7 {[%emt 0:00:01]}
1/2-1/2

[Event "DSJ Weihnachtsturnier U20 2020"]
[Site "https://play.chessbase.com/en/play?room=DSJWeihnachtU20"]
[Date "2020.12.29"]
[Round "5"]
[White "Roseneck, Jonas"]
[Black "Schlangenotto, Niklas"]
[Result "1/2-1/2"]
[Termination "normal"]
[Board "6.1"]
[WhiteTitle "FM"]
[WhiteElo "2401"]
[BlackElo "2008"]
[WhiteTeam "SG Aufbau Elbe Magdeburg"]
[BlackTeam "SK Blauer Springer Paderborn 1926"]
[PlyCount "70"]
[WhiteFideId "12939870"]
[BlackFideId "16217560"]
[EventRounds "7"]
[EventType "team-swiss"]
[EventDate "2020.12.29"]

1. e4 {[%emt 0:00:03]} Nc6 {[%emt 0:00:06]} 2. Nf3 {[%emt 0:00:08]} f5 { [%emt
0:00:07]} 3. exf5 {[%emt 0:00:18]} d5 {[%emt 0:00:02]} 4. Bb5 {[%emt 0:00:03]}
Bxf5 {[%emt 0:00:02]} 5. Ne5 {[%emt 0:00:04]} Qd6 {[%emt 0:00:01]} 6. d4 {[%emt
0:00:01]} Nf6 {[%emt 0:00:01]} 7. O-O {[%emt 0:00:02]} Nd7 {[%emt 0:00:01]} 8.
Bf4 {[%emt 0:00:04]} Ndxe5 {[%emt 0:00:02]} 9. Bxe5 {[%emt 0:00:03]} Qg6 {[%emt
0:00:01]} 10. Qf3 {[%emt 0:00:01]} e6 {[%emt 0:00:10]} 11. Nd2 { [%emt
0:00:09]} Bd6 {[%emt 0:00:03]} 12. c3 {[%emt 0:02:02]} O-O {[%emt 0:00:06]} 13.
Bxc6 {[%emt 0:00:01]} bxc6 {[%emt 0:00:01]} 14. Qg3 {[%emt 0:00:01]} Bxe5
{[%emt 0:00:48]} 15. Qxe5 {[%emt 0:00:03]} Rab8 {[%emt 0:00:14]} 16. b4 { [%emt
0:00:04]} a5 {[%emt 0:00:06]} 17. a3 {[%emt 0:00:01]} Rf6 {[%emt 0:00:21] } 18.
Qxc7 {[%emt 0:00:09]} Rbf8 {[%emt 0:00:04]} 19. f3 {[%emt 0:00:47]} Qg5 { [%emt
0:00:45]} 20. Rf2 {[%emt 0:01:24]} Qe3 {[%emt 0:00:41]} 21. Rc1 {[%emt
0:00:14]} axb4 {[%emt 0:00:13]} 22. axb4 {[%emt 0:00:02]} Be4 {[%emt 0:01:35]}
23. Qe5 {[%emt 0:00:48]} Rg6 {[%emt 0:00:39]} 24. Rcf1 {[%emt 0:00:10]} Rf5 {
[%emt 0:00:39]} 25. Qb8+ {[%emt 0:00:05]} Rf8 {[%emt 0:00:04]} 26. Qe5 { [%emt
0:00:01]} Rf5 {[%emt 0:00:02] Paderb1-001 offers a draw} 27. Nc4 { [%emt
0:01:22]} Rxg2+ {[%emt 0:03:52]} 28. Kxg2 {[%emt 0:01:05]} Rg5+ {[%emt
0:00:01]} 29. Kh1 {[%emt 0:00:27]} Bxf3+ {[%emt 0:00:02]} 30. Rxf3 {[%emt
0:00:03]} Rg1+ {[%emt 0:00:01]} 31. Rxg1 {[%emt 0:00:07]} Qxf3+ {[%emt
0:00:01]} 32. Rg2 {[%emt 0:00:00]} Qf1+ {[%emt 0:00:01]} 33. Rg1 {[%emt
0:00:00]} Qf3+ { [%emt 0:00:01]} 34. Rg2 {[%emt 0:00:00]} Qf1+ {[%emt 0:00:01]}
35. Rg1 { [%emt 0:00:00]} Qf3+ {[%emt 0:00:00]} 1/2-1/2

[Event "DSJ Weihnachtsturnier U20 2020"]
[Site "https://play.chessbase.com/en/play?room=DSJWeihnachtU20"]
[Date "2020.12.29"]
[Round "5"]
[White "Biastoch, Bennet"]
[Black "Kesselmeier, Kevin"]
[Result "1-0"]
[Termination "normal"]
[Board "6.3"]
[WhiteTitle "FM"]
[WhiteElo "2266"]
[BlackElo "1927"]
[WhiteTeam "SG Aufbau Elbe Magdeburg"]
[BlackTeam "SK Blauer Springer Paderborn 1926"]
[PlyCount "61"]
[WhiteFideId "12939889"]
[BlackFideId "16217551"]
[EventRounds "7"]
[EventType "team-swiss"]
[EventDate "2020.12.29"]

1. e4 {[%emt 0:00:00] Paderb1-003 reconnected.} c5 {[%emt 0:00:51]} 2. Nf3 {
[%emt 0:00:03]} d6 {[%emt 0:00:04]} 3. d4 {[%emt 0:00:03]} cxd4 {[%emt 0:00:01]
} 4. Nxd4 {[%emt 0:00:00]} Nf6 {[%emt 0:00:01]} 5. Nc3 {[%emt 0:00:01]} a6 {
[%emt 0:00:00]} 6. h3 {[%emt 0:00:01]} e5 {[%emt 0:00:10]} 7. Nde2 {[%emt
0:00:05]} h5 {[%emt 0:00:03]} 8. Bg5 {[%emt 0:00:02]} Be7 {[%emt 0:00:03]} 9.
Bxf6 { [%emt 0:00:01]} Bxf6 {[%emt 0:00:12]} 10. Nd5 {[%emt 0:00:02]} Be6
{[%emt 0:01:10]} 11. Nec3 {[%emt 0:00:04]} Nc6 {[%emt 0:00:17]} 12. Bc4 {[%emt
0:01:05]} Bg5 {[%emt 0:00:19]} 13. O-O {[%emt 0:00:32]} b5 {[%emt 0:00:07]} 14.
Bb3 { [%emt 0:00:02]} g6 {[%emt 0:01:14]} 15. Qd3 {[%emt 0:02:03]} O-O {[%emt
0:00:22]} 16. Rad1 {[%emt 0:00:05]} b4 {[%emt 0:00:30]} 17. Ne2 {[%emt
0:00:28]} Na5 {[%emt 0:00:56]} 18. Nxb4 {[%emt 0:00:08]} Nxb3 {[%emt 0:00:37]}
19. axb3 { [%emt 0:00:04]} Be7 {[%emt 0:00:01]} 20. Nd5 {[%emt 0:00:03]} Bxd5
{[%emt 0:00:06]} 21. Qxd5 {[%emt 0:00:00]} Rc8 {[%emt 0:00:02]} 22. Nc3 {[%emt
0:00:01]} Qb6 {[%emt 0:00:22]} 23. Qd3 {[%emt 0:00:07]} Rfd8 {[%emt 0:00:06]}
24. Ra1 { [%emt 0:00:32]} Rc6 {[%emt 0:00:49]} 25. Ra4 {[%emt 0:00:24]} Bf8
{[%emt 0:00:07]} 26. Nd5 {[%emt 0:00:04]} Qb5 {[%emt 0:00:12]} 27. c4 {[%emt
0:00:33]} Qb7 {[%emt 0:00:05]} 28. Rfa1 {[%emt 0:00:11]} Rb8 {[%emt 0:00:03]}
29. b4 { [%emt 0:00:40]} Qc8 {[%emt 0:00:15]} 30. b3 {[%emt 0:00:03]} Bg7
{[%emt 0:00:27] Elbe-MD003 reconnected.} 31. Ne7+ {[%emt 0:01:01]} 1-0